TEXTBOOK ON THE LAW OF EVIDENCE. (Record no. 5841)

MARC details
000 -LEADER
fixed length control field 00380nam a22001337a 4500
008 - FIXED-LENGTH DATA ELEMENTS--GENERAL INFORMATION
fixed length control field 140126b xxu||||| |||| 00| 0 eng d
082 ## - DEWEY DECIMAL CLASSIFICATION NUMBER
Edition number 9th ed.
Classification number 347.06
Item number MON
100 ## - MAIN ENTRY--PERSONAL NAME
Personal name M.MONIR
245 ## - TITLE STATEMENT
Title TEXTBOOK ON THE LAW OF EVIDENCE.
Statement of responsibility, etc MONIR,M.
250 ## - EDITION STATEMENT
Edition statement 9 ED.
260 ## - PUBLICATION, DISTRIBUTION, ETC. (IMPRINT)
Place of publication, distribution, etc INDIA
Name of publisher, distributor, etc LAW PUBLISHING CO.PVT.LTD.
Date of publication, distribution, etc 2013.
300 ## - PHYSICAL DESCRIPTION
Extent cvi,526 p.
Other physical details includes index.
Dimensions 24cm.
942 ## - ADDED ENTRY ELEMENTS (KOHA)
Source of classification or shelving scheme Dewey Decimal Classification
Item type Books
Holdings
Withdrawn status Lost status Source of classification or shelving scheme Damaged status Not for loan Home library Current library Shelving location Date acquired Total Checkouts Full call number Barcode Date last seen Price effective from Koha item type Public note
    Dewey Decimal Classification     Law Development Centre Main Library Law Development Centre Main Library Text Books and Laws 01/26/2014   347.06 MON 7140/2014 01/26/2014 01/26/2014 Books reserve